| 000 | 00857cam a2200253 a 4500 | ||
|---|---|---|---|
| 001 | 000007523 | ||
| 005 | 20200929154211.0 | ||
| 008 | 891228s1987 cu 001 m spa | ||
| 035 | _a(DLC) 89220015 | ||
| 040 |
_aDO-SdBNP _bspa _cDLC _dBNPHU |
||
| 082 |
_aCu864.44 _bG958p |
||
| 100 | 1 |
_aGuillén, Nicolás. _q(Nicolás Cristóbal Guillén Batista), _d1902-1989. _916934 |
|
| 245 | 1 | 0 |
_aProsa de prisa / _cNicolás Guillén ; edición Consuelo Casanova. |
| 260 |
_aLa Habana : _bLetras Cubanas, _c1987. |
||
| 300 |
_a341 p. ; _c20 cm. |
||
| 490 | 1 | _aGiraldilla | |
| 650 | 4 |
_aEnsayos cubanos _95691 |
|
| 650 | 4 |
_aLiteratura cubana _91483 |
|
| 600 | 1 | 4 |
_aGUILLÉN, NICOLÁS, _d1902-1989. _xCOLECCIONES DE ESCRITOS _920885 |
| 700 | 1 |
_aCasanova, Consuelo, _eed. _98637 |
|
| 830 | 0 |
_aGiraldilla. _98904 |
|
| 910 | _aCatalogación por copia / LC | ||
| 049 | _aBNGR | ||
| 999 |
_c7304 _d7304 |
||